000 00281nam a22001097a 4500
008 160426b xxu||||| |||| 00| 0 eng d
020 _a0838513301
041 _aeng
080 _a618.2
245 1 0 _aCritical thinking in nursing:
_cElsie L. Bandman; Bertram Bandman;
942 _2udc
_cBK
999 _c1617
_d1617